|
|
|
|
| LEADER |
00000nab a2200000 a 4500 |
| 001 |
vtls000748727 |
| 003 |
SK-MaSNL |
| 005 |
20260304170833.0 |
| 008 |
250429c1999 xo 0 slo |
| 015 |
|
|
|a SNBRB2000/12-35517
|
| 035 |
|
|
|a CLN000100549
|
| 035 |
|
|
|a urn:nbn:sk:snk-ab2ejl
|
| 035 |
|
|
|a (urnnbn)urn:nbn:sk:snk:ar-a0295q
|
| 035 |
|
|
|a (uuid)d2404b92-e69f-49cc-a71c-b689adea07b3
|
| 040 |
|
|
|a SNKBUCL
|b slo
|c SNKBUCL
|e AACR2
|
| 041 |
0 |
|
|a eng
|
| 044 |
|
|
|a xo
|c SK
|
| 080 |
|
|
|a 616.988:595.70
|2 1997
|
| 100 |
1 |
|
|a Costa da, L.J.
|4 aut
|9 1498688
|
| 245 |
1 |
0 |
|a Effect of brefeldin A on Mayaro virus replication in Aedes albopictus and Vero cells
|c L. J. da Costa, M. A. Rebello
|
| 300 |
|
|
|b Obr., tab.
|
| 504 |
|
|
|a Res. angl.
|
| 504 |
|
|
|a Bibliogr. odkazy
|
| 650 |
0 |
7 |
|a vírus Mayaro
|2 SNK
|9 1498689
|
| 650 |
0 |
7 |
|a Aedes albopictus
|2 SNK
|9 1498690
|
| 650 |
0 |
7 |
|a vírusy
|2 SNKPH
|9 687
|
| 650 |
0 |
7 |
|a bunky Vero
|2 SNK
|9 1498691
|
| 650 |
0 |
7 |
|a brefeldin A
|2 SNK
|9 1498692
|
| 650 |
0 |
7 |
|a komáre
|2 SNKPH
|9 19241
|
| 650 |
0 |
7 |
|a replikácia vírusov
|2 SNK
|9 853662
|
| 650 |
0 |
7 |
|a syntéza peptidov
|2 SNK
|9 1293822
|
| 650 |
0 |
7 |
|a togavírusy
|2 SNKPH
|9 150610
|
| 655 |
|
7 |
|a články z novín a časopisov
|2 SNK
|9 267496
|
| 700 |
1 |
|
|a Rebello, M.A.
|4 aut
|9 1498292
|
| 773 |
0 |
|
|t Acta virologica
|g Roč. 43, č. 6 (1999), s. 357-360
|x 001-723X
|
| 850 |
|
|
|a Slovenská národná knižnica
|
| 852 |
|
|
|a Slovenská národná knižnica
|
| 958 |
|
|
|a article27
|
| 958 |
|
|
|a NB
|
| 958 |
|
|
|a MI
|
| 958 |
|
|
|a OND
|
| 958 |
|
|
|a EUIPO
|
| 992 |
|
|
|a RBX
|
| 999 |
|
|
|c 2990387
|d 2992317
|